000 00433nam a2200181Ia 4500
001 24282
005 20260414151033.0
008 260414t2017||||xx |||||||||||||| ||spa||
041 _aESP
082 _a345.2
_bN55
100 _aNieva Fenoll, Jordi
_eAUT
245 0 _aDerecho procesal III (proceso penal)
_b
260 _c2017
300 _a525 páginas
_c24 cm.
650 _aDER
654 _aCDE
942 _cLIB
_dJUS
_fJUS
_2ddc
_n
999 _c24282
_d24282